Top 10 U.S. States With the Most Endemic Species - Statistics

General Stats
  • This quiz has been taken 22,359 times
  • The average score is 8 of 10
Answer Stats
# Example State % Correct
1295 Giant sequoia California
99%
269 Blue crayfish Florida
93%
340 _____ map turtle Texas
88%
135 Navajo Jerusalem cricket Arizona
87%
1011 Nene Hawaii
84%
182 Navajo Mountain beardtongue Utah
73%
93 Parachute beardtongue Colorado
72%
173 Devils Hole pupfish Nevada
72%
106 Camas pocket gopher Oregon
72%
144 ______ heelsplitter Alabama
46%
No matching quizzes found
Score Distribution
Percent of People with Each Score
Percentile by Number Answered
Your Score History
You have not taken this quiz